000 00990nac a22002291u 4500
010 _a2005280895
020 _a0745630928 (cased)
020 _a0745630936 (pbk.)
035 _a(OCoLC)ocm57751673
082 0 4 _a320.3
_bH4241
090 _c1541
_d1541
100 _aHaynes, Jeffrey.
245 1 0 _aComparative politics in a globalizing world /
_cJeffrey Haynes.
260 _aCambridge ;
_aMalden, MA :
_bPolity,
_c2005.
300 _axi, 351 p. ;
_c26 cm.
504 _aIncludes bibliographical references (p. [320]-344) and index.
650 0 _aComparative government.
650 0 _aGlobalization
_xPolitical aspects.
942 _cTB
_k320.3H4241
999 _c1541
_d1541